01021nam a2200205 a 4500008004100000020001800041050001400059100002700073245013600100250001200236260004100248300001500289350001000304650002200314995010100336995010100437999001700538952013000555952013000685150519s2014 ||||||||||||||||| || u a9781412991681 aHD 49 Cra aCrandall, William Rick10aCrisis management leading in the new strategy landscape. (2nd ed.)cBy William Rick Crandall, John A. Parnell [and] John E. Spillan a2nd ed. aLos AngelesbSAGE Publicationsc2014 axix, 356p. a73.00 aCRISIS MANAGEMENT FCBU-MAIN LIBRARY (Kitwe)I73.00M2UAVAILABLEWJul 29, 2015ZMain Library Open Access Collection FCBU-MAIN LIBRARY (Kitwe)I73.00M1UAVAILABLEWJul 29, 2015ZMain Library Open Access Collection c62618d62618 00102lcc4070a001b001cMain Library Open Access Collectiond2022-12-15l0oHD 49 Crap745450r2022-12-15w2022-12-15y002 00102lcc4070a001b001cMain Library Open Access Collectiond2022-12-15l0oHD 49 Crap745449r2022-12-15w2022-12-15y002